Giocatori che non hanno mai giocato nella Raimon - Statistics

Statistiche generali
  • Questo quiz è stato fatto 17 volte
  • Il punteggio medio è 4 su 15
Answers on the Grid
Answers color-coded by a green-red scale on the quiz's grid according to % correct below.
Austin Hobbes
Paolo Bianchi
Suzette Hartland
Steve Grim
Victoria Vanguard
Byron Love
Sam Kincaid
Tim Saunders
Archer Hawkins
Jim Wraith
Xavier Foster
Tod Ironside
Hurley Kane
Jack Wallside
Shadow Cimmerian
Miles Ryan
Joe King
David Samford
Edgar Partinus
Bryce Whitingale
Thomas Feldt
Neil Turner
Sael
Chester Horse Jr.
Isaac Glass
Sharon Evans
Dave Quagmire
Jordan Greenway
Bash Lancer
Hidetoshi Nakata
 
Statistiche sulle risposte
Risposta % Corretto
Joe King
47%
Neil Turner
40%
Dave Quagmire
33%
David Samford
33%
Jordan Greenway
33%
Bash Lancer
27%
Sael
27%
Chester Horse Jr.
20%
Hidetoshi Nakata
20%
Sharon Evans
20%
Thomas Feldt
20%
Bryce Whitingale
13%
Edgar Partinus
13%
Isaac Glass
13%
Miles Ryan
13%
Nessun quiz corrispondente trovato
Distribuzione punteggi
Percentuale di utenti per punteggio
Percentile per numero di risposta
I tuoi punteggi nel tempo
Non hai fatto questo quiz